Proyecciones de la publicación del informe de la comisión del esclarecimiento histórico /

Gespeichert in:
Bibliographische Detailangaben
Körperschaft: Coyuntura IIPS/DIGI
Format: Text
Tags: Tag hinzufügen
Keine Tags, Fügen Sie den ersten Tag hinzu!

MARC

LEADER 00000 a a2200000 04500
001 45515
003
040
090 |a REV0780 (37)1999  
110 |a Coyuntura IIPS/DIGI  
245 |a Proyecciones de la publicación del informe de la comisión del esclarecimiento histórico /  |c Coyuntura IIPS-DIGI  
773 |g número37, V Epoca (1999), páginas 137-154  
999 |c 18208  |d 18208